Východiská modelovania dôsledkov reforiem sociálneho systému
Modelovanie makroekonomických dopadov politických zmien v oblasti reforiem sociálneho systému, vykonaných v Nemecku v rokoch 2005 až 2006.
Guardado en:
| Autor principal: | |
|---|---|
| Otros Autores: | , |
| Formato: | Capítulo de libro |
| Lenguaje: | eslovaco |
| Materias: | |
| Etiquetas: |
Sin Etiquetas, Sea el primero en etiquetar este registro!
|
MARC
| LEADER | 00000nla a2200000 4500 | ||
|---|---|---|---|
| 001 | 0163739 | ||
| 005 | 20240502083402.3 | ||
| 041 | 0 | |a slo | |
| 044 | |a CZ | ||
| 245 | 1 | 0 | |a Východiská modelovania dôsledkov reforiem sociálneho systému |c Soňa Brlejová, Miroslava Dolinajcová, Filip Ostrihoň |
| 520 | |a Modelovanie makroekonomických dopadov politických zmien v oblasti reforiem sociálneho systému, vykonaných v Nemecku v rokoch 2005 až 2006. | ||
| 610 | 2 | 0 | |a modelovanie ekonometrické |
| 610 | 2 | 0 | |a modely makroekonomické |
| 610 | 2 | 0 | |a teória modelov ekonomicko-matematických |
| 610 | 2 | 0 | |a reformy sociálne |
| 610 | 2 | 0 | |a Nemecko |
| 100 | 1 | |a Brlejová, Soňa, 1987- | |
| 700 | 1 | |a Dolinajcová, Miroslava | |
| 700 | 1 | |a Ostrihoň, Filip | |